• 首页
  • 本馆介绍
  • 公告通知
  • 最新文献
  • 馆藏检索
  • 电子资源
  • 读者导购
  • 参考咨询
  • 我的图书馆
  • 登录
  • 详细信息显示
  • 放入我的书架
  • 预约/预借图书
  • 作者相关作品
  • 分类相关作品
  • 丛书相关作品
  • 出版社相关作品

书目信息

  • 表格格式
  • 工作单格式
  • 卡片格式
题名:
徐光启著释集
    
 
作者: 上海市文物保管委员会 主编
分册: 十六   毛诗六帖讲意
出版信息: 上海   上海古籍出版社  
页数: 全一册
开本: 18*13cm
丛书名:
单 册:
中图分类: N091
科图分类:
主题词: 自然科学史
电子资源:
ISBN:
000 00885nam0 2200241 450
001 0629285531
005 20061027083613.40
010    @b线装@dCNY18.00
100    @a20061027d km y0chiy0120 ea
101 0  @achi
102    @aCN@b310000
200 1  @a徐光启著释集@h十六@i毛诗六帖讲意@Axu guang qi zhu shi ji@f上海市文物保管委员会主编@Fshang hai shi wen wu bao guan wei yuan hui zhu bian
205    @a影印本
210    @a上海@c上海古籍出版社
215    @a全一册@d18*13cm
300    @a第十一至第二十册为一函,共二函十八种,书后附《关于《崇祯历书》》、《关于《周髀进图记》》二篇
300    @a本书第十八种为《徐光启传》(清代查继佐、黄节撰)
517 1  @a毛诗六帖讲意@Amao shi liu tie jiang yi
606 0  @a自然科学史
690    @aN091@v3
701  0 @a上海市文物保管委员会@Ashang hai shi wen wu bao guan wei yuan hui@4主编
801  0 @aCN@bPFT@c20061027
905    @a10447@dN091@e1:16
    
    徐光启著释集.十六.毛诗六帖讲意/上海市文物保管委员会主编.-影印本.-上海:上海古籍出版社
    全一册;18*13cm
    第十一至第二十册为一函,共二函十八种,书后附《关于《崇祯历书》》、《关于《周髀进图记》》二篇.-本书第十八种为《徐光启传》(清代查继佐、黄节撰)
    
    ISBN (线装):CNY18.00
    
●
相关链接 在E读中查询图书 在五车中查询图书 在当当中查询图书 在豆瓣中查询图书


正题名:徐光启著释集     索取号:N091/1:16         预约/预借

序号 登录号 条形码 馆藏地/架位号 状态 备注
1 0222150   202432643   古籍典藏专区/ [索取号:N091/1:16] 在馆    
2 0222160   202432545   古籍典藏专区/ [索取号:N091/1:16] 在馆    
唐山师范学院图书馆 欢迎您!
大连网信软件有限公司© 版权所有